[Event "Vecindario Montalvo Memorial 17th"]
[Site "Vecindario"]
[Date "2025.04.18"]
[Round "7"]
[White "Creo Abeijon, Diego"]
[Black "De Leon Navarro, Claudio"]
[Result "1/2-1/2"]
[WhiteElo "1729"]
[BlackElo "1918"]
[PlyCount "122"]
[EventDate "2025.04.12"]
[EventType "swiss"]
[EventRounds "9"]
[EventCountry "ESP"]
[SourceTitle "CB17_2025"]
[SourceDate "2025.04.23"]
[SourceVersion "1"]
[SourceVersionDate "2025.04.23"]
[SourceQuality "1"]

1. e4 e6 2. d4 d5 3. Nc3 Nf6 4. e5 Nfd7 5. f4 c5 6. Nf3 Nc6 7. Be3 h6 8. Be2 g5 9. g3 g4 10. Nh4 cxd4 11. Bxd4 Nxd4 12. Qxd4 Bc5 13. Qd3 h5 14. 0-0-0 a6 15. h3 gxh3 16. Rxh3 Bb4 17. Ng2 h4 18. Rxh4 Rf8 19. Rdh1 Qa5 20. Rh8 Bxc3 21. Rxf8+ Nxf8 22. bxc3 Bd7 23. Qd4 0-0-0 24. Qb4 Qxa2 25. Rh8 Qa1+ 26. Kd2 d4 27. cxd4 Be8 28. Qc3+ Qxc3+ 29. Kxc3 Ng6 30. Rh2 b5 31. Bf3 Kc7 32. Ne3 a5 33. Rd2 Kb6 34. d5 Kc5 35. d6 f6 36. Ng4 fxe5 37. fxe5 Bd7 38. Be4 Be8 39. Kb2 b4 40. c3 a4 41. cxb4+ Kxb4 42. Rd3 Nf8 43. Ne3 Nd7 44. Nc2+ Ka5 45. Rc3 Rb8+ 46. Ka3 Nxe5 47. Nd4 Nf7 48. Nxe6 Nxd6 49. Bd3 Bf7 50. Nd4 Rc8 51. Rxc8 Nxc8 52. Nc6+ Kb6 53. Ne5 Bb3 54. Kb4 Kc7 55. Nc4 Bxc4 56. Bxc4 Kd6 57. Ba2 Ke5 58. g4 Nd6 59. Kxa4 Kf4 60. Be6 Nc4 61. Kb4 Ne5 1/2-1/2

[Event "Vecindario Montalvo Memorial 17th"]
[Site "Vecindario"]
[Date "2025.04.17"]
[Round "6"]
[White "Creo Abeijon, Diego"]
[Black "Bethencourt Hernandez, Alberto I"]
[Result "1-0"]
[WhiteElo "1729"]
[BlackElo "1458"]
[PlyCount "135"]
[EventDate "2025.04.12"]
[EventType "swiss"]
[EventRounds "9"]
[EventCountry "ESP"]
[SourceTitle "CB17_2025"]
[SourceDate "2025.04.23"]
[SourceVersion "1"]
[SourceVersionDate "2025.04.23"]
[SourceQuality "1"]

1. e4 e5 2. Nf3 Nf6 3. Nxe5 d6 4. Nxf7 Kxf7 5. Nc3 c6 6. d4 Be7 7. Bc4+ Be6 8. d5 cxd5 9. Bxd5 Bxd5 10. Nxd5 Re8 11. 0-0 Kg8 12. Nxf6+ Bxf6 13. Qd5+ Kh8 14. Qxb7 Nd7 15. c3 Nc5 16. Qd5 Re5 17. Qf7 Re7 18. Qh5 Rxe4 19. Be3 Qc7 20. Rad1 Rh4 21. Qd5 Rd8 22. Rfe1 Re4 23. Qf5 Re5 24. Qb1 d5 25. Bd4 Rh5 26. g3 Qd7 27. Bxf6 gxf6 28. h4 Rxh4 29. gxh4 Qg4+ 30. Kf1 Qh3+ 31. Ke2 Re8+ 32. Kd2 Ne4+ 33. Kc1 Qf3 34. Qc2 Rg8 35. Kb1 Rg2 36. Re3 Qf5 37. Re2 Kg7 38. Ka1 Qf3 39. a3 Nxf2 40. Rdd2 Rg1+ 41. Ka2 Ne4 42. Rg2+ Rxg2 43. Rxg2+ Kf7 44. Qe2 Qf5 45. Qb5 Ke6 46. Qc6+ Ke5 47. Qc7+ Ke6 48. Qc8+ Ke5 49. Qxf5+ Kxf5 50. Rg7 h5 51. Rxa7 Kg4 52. Ra5 Kxh4 53. Rxd5 Kg4 54. a4 h4 55. Rd8 f5 56. a5 h3 57. a6 Ng3 58. a7 h2 59. Rd1 h1Q 60. Rxh1 Nxh1 61. a8Q Ng3 62. Qc8 Kf3 63. Qc6+ Ne4 64. Qd5 Kf4 65. Qd4 Kf3 66. c4 Ng3 67. b4 Ne2 68. Qd3+ 1-0

[Event "Vecindario Montalvo Memorial 17th"]
[Site "Vecindario"]
[Date "2025.04.14"]
[Round "3"]
[White "Camino Carrio, Nicanor"]
[Black "Creo Abeijon, Diego"]
[Result "1-0"]
[WhiteElo "2045"]
[BlackElo "1729"]
[PlyCount "63"]
[EventDate "2025.04.12"]
[EventType "swiss"]
[EventRounds "9"]
[EventCountry "ESP"]
[SourceTitle "CB17_2025"]
[SourceDate "2025.04.23"]
[SourceVersion "1"]
[SourceVersionDate "2025.04.23"]
[SourceQuality "1"]

1. e4 d5 2. exd5 Nf6 3. d4 Bg4 4. Be2 Bxe2 5. Qxe2 Qxd5 6. Nf3 Nc6 7. c4 Qf5 8. 0-0 0-0-0 9. Be3 e5 10. d5 Nb4 11. Nc3 a6 12. a3 Nd3 13. Rfd1 Nf4 14. Bxf4 exf4 15. b4 g5 16. Nd4 Qg6 17. b5 axb5 18. Ncxb5 Bc5 19. Qb2 g4 20. Rab1 b6 21. Nb3 Ne4 22. Nxc5 Nxc5 23. d6 g3 24. hxg3 fxg3 25. dxc7 Rxd1+ 26. Rxd1 gxf2+ 27. Qxf2 Qg4 28. Rd4 Qe6 29. Qd2 Qe7 30. Qf4 Ne6 31. Qe4 Nxd4 32. Qxe7 1-0

[Event "Vecindario Montalvo Memorial 17th"]
[Site "Vecindario"]
[Date "2025.04.13"]
[Round "2"]
[White "Creo Abeijon, Diego"]
[Black "Rodriguez Morales, Jimena"]
[Result "1-0"]
[WhiteElo "1729"]
[BlackElo "1496"]
[PlyCount "109"]
[EventDate "2025.04.12"]
[EventType "swiss"]
[EventRounds "9"]
[EventCountry "ESP"]
[SourceTitle "CB17_2025"]
[SourceDate "2025.04.23"]
[SourceVersion "1"]
[SourceVersionDate "2025.04.23"]
[SourceQuality "1"]

1. e4 g6 2. d4 Bg7 3. Be3 d6 4. Be2 Nf6 5. Nc3 a6 6. f3 b5 7. Qd2 Nbd7 8. Bh6 Bxh6 9. Qxh6 Nb6 10. g4 Kd7 11. b3 b4 12. Nd1 Bb7 13. Ne3 Qf8 14. Qh3 Kd8 15. Nc4 Nfd7 16. Na5 Kc8 17. 0-0-0 h5 18. g5 f6 19. gxf6 Qxf6 20. Kb1 Kb8 21. Nxb7 Kxb7 22. Qg2 Kb8 23. Nh3 c5 24. e5 dxe5 25. dxe5 Qxe5 26. Rhe1 Qg7 27. f4 c4 28. Ng5 cxb3 29. axb3 Qc3 30. Ne4 Qg7 31. f5 a5 32. Qxg6 Qe5 33. Qg3 Qxg3 34. hxg3 Kc7 35. Bf3 Raf8 36. g4 hxg4 37. Bxg4 Ne5 38. Nf2 Nxg4 39. Rxe7+ Kc8 40. Nxg4 Rxf5 41. Ne5 Rd8 42. Rxd8+ Kxd8 43. Nc6+ Kc8 44. Ra7 Rc5 45. Nxa5 Kb8 46. Rb7+ Kc8 47. Rxb6 Rxa5 48. Rxb4 Kd7 49. Rc4 Rb5 50. Kb2 Kd6 51. b4 Rb8 52. c3 Rb5 53. Kb3 Kd7 54. Ka4 Rb8 55. b5 1-0

[Event "Vecindario Montalvo Memorial 17th"]
[Site "Vecindario"]
[Date "2025.04.12"]
[Round "1"]
[White "Narciso Dublan, Marc"]
[Black "Creo Abeijon, Diego"]
[Result "1-0"]
[WhiteElo "2376"]
[BlackElo "1729"]
[PlyCount "65"]
[EventDate "2025.04.12"]
[EventType "swiss"]
[EventRounds "9"]
[EventCountry "ESP"]
[SourceTitle "CB17_2025"]
[SourceDate "2025.04.23"]
[SourceVersion "1"]
[SourceVersionDate "2025.04.23"]
[SourceQuality "1"]

1. d4 Nf6 2. Bg5 Ne4 3. Bf4 g5 4. Bc1 h6 5. f3 Nf6 6. e4 d5 7. e5 Nh5 8. Be3 f5 9. c4 f4 10. Bf2 Ng7 11. cxd5 Qxd5 12. Nc3 Qa5 13. h4 Nf5 14. hxg5 Ng3 15. Bxg3 fxg3 16. Qc2 Be6 17. Bb5+ c6 18. Ba4 Na6 19. a3 0-0-0 20. 0-0-0 Nc7 21. Nge2 Nd5 22. Bb3 Kb8 23. Bxd5 Bxd5 24. Nf4 e6 25. Ng6 Rg8 26. Nxf8 Rdxf8 27. gxh6 Rxf3 28. gxf3 Bxf3 29. h7 Rh8 30. Qg6 Qd8 31. Qf6 Bxh1 32. Qxd8+ Rxd8 33. Rxh1 1-0

[Event "Pontevedra op-B 10th"]
[Site "Pontevedra"]
[Date "2022.07.29"]
[Round "8.6"]
[White "Estevez Jacome, Jose Ramon"]
[Black "Creo Abeijon, Diego"]
[Result "1-0"]
[WhiteElo "1977"]
[BlackElo "1617"]
[PlyCount "101"]
[EventDate "2022.07.24"]
[EventType "swiss"]
[EventRounds "9"]
[EventCountry "ESP"]
[SourceTitle "EXT 2023"]
[Source "ChessBase"]
[SourceDate "2022.10.05"]
[SourceVersion "1"]
[SourceVersionDate "2022.10.05"]
[SourceQuality "1"]

1. e4 d5 2. exd5 Nf6 3. Nf3 Nxd5 4. d4 c5 5. c4 Nf6 6. Nc3 cxd4 7. Qxd4 Bd7 8. Bg5 Nc6 9. Qd2 e6 10. 0-0-0 Be7 11. Bxf6 gxf6 12. Ne4 Ne5 13. Nxe5 fxe5 14. Nd6+ Bxd6 15. Qxd6 Qg5+ 16. Kb1 0-0-0 17. h4 Qf6 18. Qc5+ Kb8 19. Be2 Bc6 20. Rd6 Rxd6 21. Qxd6+ Kc8 22. Qc5 Qg6+ 23. Kc1 Rd8 24. Rd1 Qh6+ 25. Kc2 Qxh4 26. g3 Qe4+ 27. Bd3 Qf3 28. Rd2 e4 29. Be2 Rxd2+ 30. Kxd2 Qf5 31. Qxa7 Kc7 32. b4 Qe5 33. Kc2 f5 34. b5 Bd7 35. c5 Qd5 36. c6 Bc8 37. cxb7 Bxb7 38. Qa3 Qd6 39. Qc3+ Kb8 40. a4 e5 41. a5 Qd4 42. a6 Qxc3+ 43. Kxc3 Bd5 44. Kb4 f4 45. Kc5 Ba8 46. b6 e3 47. b7 exf2 48. bxa8Q+ Kxa8 49. Kb6 e4 50. gxf4 h5 51. Bc4 1-0

[Event "Galicia-ch"]
[Site "Padron"]
[Date "2021.04.01"]
[Round "1"]
[White "Medarde Santiago, Luis Marcos"]
[Black "Creo Abeijon, Diego"]
[Result "1-0"]
[WhiteElo "2325"]
[BlackElo "1592"]
[PlyCount "71"]
[EventDate "2021.04.01"]
[EventType "swiss"]
[EventRounds "8"]
[EventCountry "ESP"]
[SourceTitle "CBM 201 Extra"]
[Source "ChessBase"]
[SourceDate "2021.05.31"]
[SourceVersion "1"]
[SourceVersionDate "2021.05.31"]
[SourceQuality "1"]

1. e4 d5 2. exd5 Nf6 3. Nf3 Nxd5 4. d4 Nc6 5. c4 Nf6 6. d5 Nb8 7. Nc3 e6 8. Bg5 Be7 9. dxe6 Qxd1+ 10. Rxd1 Bxe6 11. Be2 0-0 12. Nd4 Bd7 13. 0-0 c6 14. Rfe1 Na6 15. a3 Nc5 16. b4 Ne6 17. Nf5 Nxg5 18. Nxe7+ Kh8 19. h4 Ne6 20. Ne4 Rad8 21. Nxf6 gxf6 22. Nf5 Nf4 23. Nd6 Nxe2+ 24. Rxe2 Be6 25. Red2 Rd7 26. f4 f5 27. Kf2 h5 28. Re1 Kg7 29. Rxe6 fxe6 30. Nxf5+ exf5 31. Rxd7+ Rf7 32. Rd3 Rf6 33. Rg3+ Rg6 34. Rg5 Rxg5 35. fxg5 b6 36. Kf3 1-0

[Event "Pontevedra op 5th"]
[Site "Pontevedra"]
[Date "2017.08.10"]
[Round "3"]
[White "Creo Abeijon, Diego"]
[Black "Lillo Castany, Victor"]
[Result "0-1"]
[WhiteElo "1616"]
[BlackElo "2382"]
[PlyCount "90"]
[EventDate "2017.08.08"]
[EventType "swiss"]
[EventRounds "9"]
[EventCountry "ESP"]
[SourceTitle "CBM 179 Extra"]
[Source "ChessBase"]
[SourceDate "2017.08.23"]
[SourceVersion "1"]
[SourceVersionDate "2017.08.23"]
[SourceQuality "1"]

1. e4 e5 2. Nf3 Nc6 3. Bb5 a6 4. Ba4 Nf6 5. 0-0 b5 6. Bb3 Bc5 7. c3 d6 8. d4 Bb6 9. dxe5 Nxe5 10. Nxe5 dxe5 11. Qxd8+ Kxd8 12. Bxf7 Rf8 13. Bd5 Nxd5 14. exd5 Bb7 15. c4 bxc4 16. Nc3 Bd4 17. Bg5+ Kd7 18. Rad1 Kd6 19. Be3 Kc5 20. Rd2 Bxe3 21. fxe3 Rxf1+ 22. Kxf1 Rd8 23. e4 c6 24. d6 Bc8 25. Ke2 Be6 26. Ke3 Kb6 27. Na4+ Kb5 28. Nc3+ Ka5 29. a3 c5 30. Nd5 Rxd6 31. Nc7 Rc6 32. Nxe6 Rxe6 33. Rd7 Rb6 34. Rd5 Rxb2 35. Rxc5+ Ka4 36. Rxc4+ Kxa3 37. Rc5 Rxg2 38. Rxe5 Kb4 39. Rd5 Rxh2 40. e5 Rh6 41. Rd6 Kc5 42. Rxh6 gxh6 43. Ke4 Kc6 44. e6 Kd6 45. Kf5 Ke7 0-1